Anuario Estadístico: sector externo/
Gespeichert in:
| Körperschaft: | |
|---|---|
| Format: | Buch |
| Sprache: | Spanish |
| Veröffentlicht: |
San José, Costa Rica:
Banco Central de Costa Rica
|
| Schlagworte: | |
| Tags: |
Tag hinzufügen
Keine Tags, Fügen Sie den ersten Tag hinzu!
|
MARC
| LEADER | 00000nam a22000007a 4500 | ||
|---|---|---|---|
| 003 | cru CIDCACS/IIS | ||
| 005 | 20200925120440.0 | ||
| 008 | 200925n cr |||p|r||||||0| ||spa|d | ||
| 999 | |c 43401 |d 43401 | ||
| 040 | |c cru CIDCACS/IIS | ||
| 090 | |a REV0045 | ||
| 110 | 2 | |9 9621 |a Banco Central de Costa Rica | |
| 245 | 1 | |a Anuario Estadístico: |b sector externo/ |c Banco Central de Costa Rica | |
| 260 | |a San José, Costa Rica: |b Banco Central de Costa Rica | ||
| 270 | |a Ave. Central y 1º calles 2 y 4 |d Costa Rica |e apdo. 1058-1000 |c San José | ||
| 500 | |a EXISTENCIAS : 1982-1986 1983-1987 1984-1988 1985-1989 1986-1990 PERIODICIDAD : Anual | ||
| 650 | 4 | |9 2660 |a BALANZA DE PAGOS | |
| 650 | 0 | |9 95 |a EXPORTACIONES | |
| 650 | 4 | |9 1843 |a IMPORTACIONES | |
| 650 | 4 | |9 3803 |a RESERVAS MONETARIAS | |
| 651 | 0 | |9 32 |a COSTA RICA | |
| 942 | |2 ddc |c PP | ||
